00417nam a2200157Ia 450000500170000000800410001704000190005804100120007708200160008910000250010524500600013026000310019030000100022165000180023185000100024920240809112057.0131103s9999 xx 000 0 und d aLoreto College aEnglish a822.33bSHA aShakespeare, William 4aThe merchant of veniceb a comedy cWilliam Shakespeare aLondonbMcdougall'sc[19?] a71p.  aEnglish drama aLCBED